Marvel Characters - Sudden Death - Statistics

General Stats
  • This quiz has been taken 267 times
  • The average score is 16 of 24
Answers on the Grid
Answers color-coded by a green-red scale on the quiz's grid according to % correct below.
Iron Man
Batgirl
Peacemaker
Hawkeye
Loki
Joker
Harley Quinn
Morbius
Penguin
Kate Bishop
Yelena
Goose
Black Adam
Krypto
Elastigirl
Peggy Carter
Apocalypse
Luke Cage
Hawkman
Captain Boomerang
Baine
Jarvis
Hank Pym
Black Widow
Yellow Jacket
Cable
Cyborg
Steve Trevor
Mr Incredible
Captain Marvel
Frozone
Hulk
Scarlet Witch
Ant-Man
Green Lantern
Spider-Man
Captain America
Wolverine
Black Panther
Thor
 
Answer Stats
Answer % Correct
Iron Man
98%
Loki
92%
Hawkeye
82%
Captain America
77%
Black Widow
75%
Captain Marvel
75%
Ant-Man
74%
Thor
73%
Spider-Man
72%
Wolverine
72%
Hulk
71%
Scarlet Witch
71%
Black Panther
69%
Jarvis
69%
Kate Bishop
66%
Morbius
66%
Peggy Carter
66%
Yelena
65%
Luke Cage
60%
Hank Pym
59%
Yellow Jacket
53%
Cable
50%
Apocalypse
47%
Goose
31%
No matching quizzes found
Score Distribution
Percent of People with Each Score
Percentile by Number Answered
Your Score History
You have not taken this quiz